[Event "Pan-AM College-chT 2018"]
[Site "Burlingame"]
[Date "2018.12.28"]
[Round "1"]
[White "Chakrasali, Samarth"]
[Black "Bruzon Batista, Lazaro"]
[Result "0-1"]
[WhiteElo "2044"]
[BlackElo "2664"]
[Annotator "TA"]
[PlyCount "62"]
[EventDate "2018.12.28"]
[EventType "swiss"]
[EventCountry "USA"]
[SourceTitle "playchess.com"]
[Source "ChessBase"]
[SourceQuality "1"]

{[%evp 21,62,-8,-7,-27,-33,-24,-21,-36,-21,-36,-27,-31,-12,-11,-12,-39,-36,-105,-93,-102,-91,-107,-106,-162,-148,-155,-165,-284,-281,-327,-334,-331,-239,-237,-224,-420,-428,-571,-574,-677,-639,-1011,-1029]} 1. d4 Nf6 2. c4 g6 3. Nc3 d5 4. Nf3 Bg7 5. Bg5 Ne4 6. cxd5 Nxg5 7. Nxg5 e6 8. Qd2 h6 9. Nh3 exd5 10. Nf4 O-O 11. e3 c6 {LiveBook: 13 Games. D91: Grünfeld: 4 Nf3 Bg7 5 Bg5} (11... c5 12. Bb5 cxd4 13. exd4 Nc6 14. Bxc6 bxc6 15. O-O a5 16. b3 Ba6 17. Rfd1 Re8 18. Rac1 Rb8 19. Nce2 Qb6 {½-½ (64) Karpov,A (2644)-Svidler,P (2726) Odessa 2009}) 12. Bd3 a5 13. O-O Qd6 $146 {Black has an edge.} ({Predecessor:} 13... Nd7 14. Na4 Re8 15. Qc2 Nb6 16. Nc5 Nd7 17. Na4 Nb6 18. Nc5 {½-½ (18) Sapundjiev,G (2398)-Rakay,K (2434) ICCF email 2011}) 14. Rfc1 Nd7 15. Na4 Rd8 16. a3 Bf8 17. Bc2 $1 b6 {[%cal Bb7b6,Bb6b5][%mdl 32]} 18. h4 h5 19. Nh3 (19. Bd3 $15) 19... b5 $17 20. Nc3 Nb6 {[%cal Bd7b6,Bb6c4,Bc4e3][%mdl 32]} 21. Ng5 Nc4 $36 {[%mdl 2048] Black is in control.} 22. Qe2 {[#]} (22. Qe1 $17) 22... Bg4 $1 $19 {[%cal Rg4e2]} 23. f3 Bd7 24. f4 (24. Bd3 {is a better defense.}) 24... Re8 ({Weaker is} 24... Nxb2 25. Bxg6 Qxg6 26. Qxb2 $17) 25. f5 Nxe3 {aiming for ...Ng4.} ({Resist} 25... Rxe3 26. Qf2 $19) 26. fxg6 fxg6 27. Qf3 {Threatening mate with Qf7+.} Nf5 28. Re1 $2 (28. Bxf5 {might work better.} Bxf5 29. Ne2) 28... Bg7 29. Rxe8+ {Black is clearly winning.} Rxe8 {[%cal Ba8e8,Be8e1,Be1e3][%mdl 32]} (29... Bxe8 $2 30. Bxf5 Bxd4+ 31. Kh1 $17) 30. Rd1 {[#]} Re1+ $1 {[%mdl 512]} 31. Kf2 (31. Rxe1 Bxd4+) 31... Re3 {Accuracy: White = 24%, Black = 91%.} 0-1

[Event "Pan-AM College-chT 2018"]
[Site "Burlingame"]
[Date "2018.12.28"]
[Round "1"]
[White "Zerquera, Thomas F"]
[Black "Bok, Benjamin"]
[Result "0-1"]
[WhiteElo "1915"]
[BlackElo "2643"]
[Annotator "TA"]
[PlyCount "88"]
[EventDate "2018.12.28"]
[EventType "swiss"]
[EventCountry "USA"]
[SourceTitle "playchess.com"]
[Source "ChessBase"]
[SourceQuality "1"]

{[%evp 19,88,-23,-18,-22,-13,-20,2,-46,-45,-49,-44,-37,-43,-50,-15,-9,0,-65,-12,-52,-55,-50,-50,-56,-54,-68,-56,-65,-41,-35,-27,-34,-42,-36,-12,-12,0,-63,0,-29,-31,-25,-26,-52,-83,-153,-155,-156,-99,-275,-275,-291,-219,-395,-391,-380,-376,-376,196,164,140,-270,-252,-425,-412,-376,-374,-870,-870,-883,-849]} 1. e4 c5 2. Nf3 d6 3. c3 Nf6 4. Be2 g6 5. O-O Bg7 6. Re1 O-O 7. Bf1 Nc6 8. h3 e5 9. Na3 Re8 {B50: Sicilian: 2...d6, Miscellaneous} 10. d3 h6 {LiveBook: 8 Games} 11. c4 $146 ({Predecessor:} 11. Nc4 b6 12. a4 d5 13. exd5 Nxd5 14. a5 Rb8 15. axb6 axb6 16. g3 Bf5 17. Bg2 {½-½ (45) Akopian,V (2700)-Zhou,J (2551) Moscow 2008}) 11... Nh7 {The position is equal.} 12. Nc2 f5 {[%cal Bf7f5,Bf5f4][%mdl 32]} 13. a3 f4 14. b4 Be6 15. Rb1 b6 16. b5 Ne7 17. a4 Rf8 18. a5 ({White should try} 18. Be2 $11) 18... Qe8 (18... bxa5 $15 19. Na3 a6) 19. Bd2 g5 20. Nh2 h5 21. Be2 Nf6 22. f3 Qg6 23. Rf1 Kf7 24. Ra1 Neg8 25. axb6 axb6 26. Ra6 Rab8 27. Ra7+ Nd7 28. Kh1 (28. Na3 $11) 28... Nh6 ({Black should play} 28... Ra8 $15 29. Qa1 Rxa7 30. Qxa7 Ngf6) 29. Rg1 Kg8 30. Na3 Nf6 31. Nb1 g4 {[%cal Bg5g4,Bg4g3][%mdl 32]} 32. Nc3 (32. g3 $142) 32... g3 $1 $17 33. Nf1 Qg5 (33... Nf7 $142 34. Nd5 Nxd5 35. cxd5 Bc8) 34. Nd5 $2 (34. Nxg3 $17 Qxg3 35. Be1) 34... Qh4 $19 35. Nxg3 Bxh3 $40 {[%csl Gf6,Gh4,Gh5,Gh6][%cal Rh3g4][%mdl 128] Black wants a kill.} ({Avoid the trap} 35... Qxg3 $2 36. Ne7+ Kh7 37. Be1 $18) 36. Ne7+ $2 (36. Nf1 {only move.} Bc8+ 37. Nh2 Nxd5 38. cxd5) 36... Kh7 {[%csl Gf6,Gh4,Gh5,Gh6][%cal Rh3g4]} 37. Nf1 Be6+ 38. Nh2 {[#]} Rf7 $4 {[%mdl 8192] [#]} (38... Nfg4 $1 $19 {[%mdl 512]} 39. fxg4 Nxg4 40. Bxg4 hxg4) 39. Be1 $1 $18 {[%cal Re1h4]} Qg5 {Strongly threatening ...h4.} 40. Nc6 $2 {[%mdl 8192]} (40. g3 $16 {is necessary to keep the advantage.}) 40... Rxa7 $19 41. Nxa7 $2 (41. g3 Rba8 42. Nxa7 Rxa7 43. gxf4 Qxf4 44. Bd2) 41... h4 42. Nc6 Ra8 43. Ne7 $2 (43. Rf1 Nh5 44. Rf2) 43... Nh5 {( -> ...Ng3+)} 44. Ng4 Qxe7 {Accuracy: White = 26%, Black = 53%.} 0-1

[Event "Pan-AM College-chT 2018"]
[Site "Burlingame"]
[Date "2018.12.28"]
[Round "1"]
[White "Floeder, David"]
[Black "Cordova, Emilio"]
[Result "0-1"]
[WhiteElo "1880"]
[BlackElo "2595"]
[Annotator "ChessBase"]
[PlyCount "89"]
[EventDate "2018.12.28"]
[EventType "swiss"]
[EventCountry "USA"]
[SourceTitle "playchess.com"]
[Source "ChessBase"]
[SourceQuality "1"]
[TimeControl "5400+30"]

1. d4 {[%emt 0:00:00]} Nf6 {[%emt 0:00:00]} 2. Nf3 {[%emt 0:00:00]} e6 {[%emt 0:00:00]} 3. Bf4 {[%emt 0:00:00]} b6 {[%emt 0:00:15]} 4. e3 {[%emt 0:00:14]} Bb7 {[%emt 0:00:06]} 5. Nbd2 {[%emt 0:00:11]} Be7 {[%emt 0:02:26]} 6. h3 {[%emt 0:00:48]} c5 {[%emt 0:00:36]} 7. c3 {[%emt 0:00:26]} O-O {[%emt 0:01:53]} 8. Bd3 {[%emt 0:00:49]} d6 {[%emt 0:00:48]} 9. O-O {[%emt 0:00:51]} Re8 {[%emt 0:09:33]} 10. Re1 {[%emt 0:02:28]} Nbd7 {[%emt 0:03:46]} 11. a4 {[%emt 0:07:00]} cxd4 {[%emt 0:08:12]} 12. exd4 {[%emt 0:00:25]} a6 {[%emt 0:00:23]} 13. Bh2 {[%emt 0:03:37]} Nf8 {[%emt 0:02:58]} 14. Nc4 {[%emt 0:13:07]} Nd5 {[%emt 0:02:12]} 15. Ne3 {[%emt 0:13:07]} Qd7 {[%emt 0:03:07]} 16. Nxd5 {[%emt 0:12:57]} Bxd5 {[%emt 0:00:05]} 17. Qe2 {[%emt 0:04:08]} Qb7 {[%emt 0:04:28]} 18. Be4 {[%emt 0:01:00]} b5 {[%emt 0:04:50]} 19. Bxd5 {[%emt 0:14:00]} Qxd5 {[%emt 0:00:05]} 20. Nd2 {[%emt 0:00:59]} Nd7 {[%emt 0:11:03]} 21. Qe4 {[%emt 0:05:08]} Qxe4 {[%emt 0:05:00]} 22. Nxe4 {[%emt 0:00:48]} d5 {[%emt 0:01:49]} 23. Nd6 {[%emt 0:00:57]} Bxd6 {[%emt 0:00:05]} 24. Bxd6 {[%emt 0:00:08]} Nb6 {[%emt 0:04:33]} 25. axb5 {[%emt 0:02:28]} Nc4 {[%emt 0:01:36]} 26. Bb4 {[%emt 0:04:28]} axb5 {[%emt 0:00:18]} 27. Ba3 {[%emt 0:04:16]} Rec8 {[%emt 0:01:59]} 28. Rec1 {[%emt 0:04:46]} Ra4 {[%emt 0:05:22]} 29. b3 {[%emt 0:01:49]} Rxa3 {[%emt 0:00:07]} 30. bxc4 {[%emt 0:00:07]} Rxa1 {[%emt 0:00:06]} 31. Rxa1 {[%emt 0:00:04]} bxc4 {[%emt 0:00:14]} 32. Kf1 {[%emt 0:01:06]} g5 {[%emt 0:00:10]} 33. Ke2 {[%emt 0:01:06]} Rb8 {[%emt 0:00:04]} 34. Ra2 {[%emt 0:00:52]} Rb1 {[%emt 0:00:15]} 35. Rc2 {[%emt 0:00:44]} Kg7 {[%emt 0:00:15]} 36. Kf3 {[%emt 0:00:31]} Rd1 {[%emt 0:01:42]} 37. Re2 {[%emt 0:01:05]} h5 {[%emt 0:04:53]} 38. g3 {[%emt 0:00:56]} Rd3+ {[%emt 0:04:08]} 39. Re3 {[%emt 0:00:07]} Rd2 {[%emt 0:03:15]} 40. Re1 {[%emt 0:00:23]} Kg6 {[%emt 0:00:24]} 41. Re3 {[%emt 0:01:01]} g4+ {[%emt 0:03:31]} 42. hxg4 {[%emt 0:00:24]} hxg4+ {[%emt 0:00:02]} 43. Kg2 {[%emt 0:01:24]} Rd3 {[%emt 0:00:46]} 44. Rxd3 {[%emt 0:00:40]} cxd3 {[%emt 0:00:04]} 45. c4 {[%emt 0:00:22]} 0-1

[Event "Pan-AM College-chT 2018"]
[Site "Burlingame"]
[Date "2018.12.28"]
[Round "2"]
[White "Cori, Jorge"]
[Black "Adve, Anshul"]
[Result "0-1"]
[WhiteElo "2689"]
[BlackElo "2073"]
[Annotator "TA"]
[PlyCount "102"]
[EventDate "2018.12.28"]
[EventType "swiss"]
[EventCountry "USA"]
[SourceTitle "playchess.com"]
[Source "ChessBase"]
[SourceQuality "1"]

{[%evp 16,102,38,13,34,33,38,27,39,42,58,45,41,31,50,38,47,43,47,8,0,5,12,0,0,0,46,-8,0,0,4,0,8,0,0,-47,-44,-39,-52,-27,0,-14,-12,-14,0,0,9,-39,0,0,7,7,7,6,9,11,18,4,16,16,11,9,150,151,161,169,780,775,758,738,1281,1167,1584,1593,1124,550,529,518,466,0,0,0,0,0,0,-29997,-29998,-29998,-29999]} 1. Nf3 e6 2. c4 f5 3. g3 Nf6 4. Bg2 Be7 5. O-O O-O 6. Nc3 d5 7. d4 c6 8. Qc2 Ne4 9. Be3 {LiveBook: 3 Games. A95: Classical Dutch: Classical Stonewall: 7 Nc3 c6} (9. Bf4 Nd7 10. Rad1 g5 11. Be3 Nd6 12. b3 Bf6 13. Bc1 Rf7 14. Ba3 Ne4 15. Nxe4 fxe4 16. Ne5 Nxe5 17. dxe5 {½-½ (44) Eljanov,P (2723)-Rapport,R (2671) Biel 2015}) 9... Nd6 $146 ({Predecessor:} 9... Bd7 10. Ne5 Be8 11. Nxe4 fxe4 12. Bh3 Bd7 13. f3 exf3 14. exf3 Bf6 15. f4 Bxe5 16. dxe5 Na6 {1-0 (43) Ghaem Maghami,E (2589)-Isaev,J (2394) Mashhad 2010}) 10. c5 Nf7 11. b4 {White is slightly better.} Nd7 12. Rfd1 a6 13. a4 Bf6 14. Rab1 Qe8 15. b5 axb5 16. axb5 e5 17. bxc6 ({But not} 17. Qxf5 e4 $15) 17... bxc6 18. dxe5 Ndxe5 19. Nd4 Nc4 20. Bc1 $1 {Threatens to win with Nxc6!} Ra5 21. Na4 ({White should play} 21. Nxc6 $14 Qxc6 22. Nxd5) 21... Bxd4 22. Rxd4 Ba6 23. e3 Bb5 24. Nc3 Ba6 25. Qb3 Qe7 ({Wrong is} 25... Rxc5 $2 26. Qb4 $18) 26. Qc2 Qxc5 27. Qxf5 Na3 28. Bxa3 Rxa3 29. Na4 Qa5 30. Qc2 $1 {[%cal Rc2c6]} Ne5 $132 {[%mdl 2048] Black has counterplay} 31. Nb2 (31. Qb2 $5 {[%cal Rb2a3]} Bd3 32. Rc1 (32. Qxa3 Bxb1 33. Qc3 Qxc3 $11) 32... Rxa4 33. Rxa4 Qxa4 34. Qxe5 $11) 31... Ra2 32. Ra4 Rxb2 33. Qxb2 Qxa4 34. Ra1 Qc4 {White must now prevent ...Nd3.} 35. Qxe5 {Strongly threatening Qe6+.} Qc2 36. f3 {aiming for Qe6+.} Bd3 37. h4 {[%cal Bh2h4,Bh4h5][%mdl 32]} Qc5 38. h5 Kf7 (38... Bf5 $11) 39. Ra4 $1 $16 Bc4 40. Qf5+ Kg8 $2 {[#]} (40... Ke7 41. Qg5+ (41. Qe5+ Kf7 $18) 41... Ke6) 41. Qe6+ $1 $18 Kh8 42. h6 {White threatens Qe5 and mate.} gxh6 43. Qe5+ Kg8 44. Bh3 {Threatening mate with Be6+.} Kf7 45. Be6+ Kg6 46. f4 {Intending f5+ and mate.} Bd3 {[#]} 47. f5+ $2 (47. Ra2 $1 $18 {g4 is the strong threat.} Qc1+ 48. Kh2) 47... Bxf5 $11 48. Bxf5+ Rxf5 49. Qe6+ Kg5 {( -> ...Qc1+)} 50. Rh4 $2 {[%mdl 8192]} (50. Rf4 $11 Qf8 51. Qxc6) 50... Qc1+ 51. Kg2 Qf1+ {Accuracy: White = 54%, Black = 46%.} 0-1

[Event "Pan-AM College-chT 2018"]
[Site "Burlingame"]
[Date "2018.12.28"]
[Round "2"]
[White "Bruzon Batista, Lazaro"]
[Black "Li, Zuhao Luke"]
[Result "1-0"]
[WhiteElo "2664"]
[BlackElo "2357"]
[Annotator "TA"]
[PlyCount "163"]
[EventDate "2018.12.28"]
[EventType "swiss"]
[EventCountry "USA"]
[SourceTitle "playchess.com"]
[Source "ChessBase"]
[SourceQuality "1"]

{[%evp 18,163,30,29,30,24,65,62,57,54,91,75,115,114,128,122,122,116,134,129,134,137,133,125,137,115,128,122,141,147,148,133,166,133,141,133,191,180,178,183,187,187,176,121,131,134,151,112,118,90,110,75,68,74,70,70,179,197,204,204,215,156,284,211,224,213,337,333,327,292,325,325,335,323,325,321,327,300,373,267,260,252,355,352,347,214,214,214,372,214,214,214,214,214,221,229,415,412,405,385,440,408,507,498,579,542,751,463,468,477,472,450,470,428,517,254,250,240,366,377,504,387,469,460,568,540,510,78,68,69,75,23,24,24,27,0,800,801,1111,1071,1108,1100,1029,989,1101,1073,29990,29991]} 1. c4 Nf6 2. Nf3 e6 3. g3 d5 4. Bg2 dxc4 5. Qa4+ c6 6. Qxc4 b5 7. Qc2 Bb7 8. Nc3 {A13: English Opening: 1...e6} (8. O-O Be7 9. d3 O-O 10. a4 a6 11. Nc3 Nbd7 12. Rd1 Rc8 13. h3 Qb6 14. e4 c5 15. Be3 Rfd8 16. Rac1 h6 17. axb5 axb5 {1-0 (73) Duda,J (2737)-Karjakin,S (2773) chess.com INT 2018}) 8... Nbd7 9. O-O Be7 10. d4 {LiveBook: 37 Games. White has an edge.} Qb6 11. Ne5 Rc8 12. Rd1 $146 ({Predecessor:} 12. Nxd7 Nxd7 13. Rd1 O-O 14. Be3 Qa6 15. Ne4 h6 16. Nc5 Nxc5 17. dxc5 {½-½ (38) Pustov,P (2407)-Bagirov,R (2504) Moscow 2006}) 12... O-O 13. Be3 Qd8 14. Bg5 Nd5 15. Bxe7 Qxe7 16. Nxd7 Qxd7 17. Ne4 Qe7 18. Qc5 Qxc5 19. Nxc5 Rc7 20. Rdc1 Rb8 21. f4 Bc8 22. Kf2 Rb6 23. e4 Ne7 24. Rc2 Bd7 25. Rac1 {And now d5! would win.} Be8 26. g4 {[%cal Bg3g4,Bg4g5][%mdl 32]} g6 (26... a5 $16 {was called for.} 27. Ke3 Ra7) 27. h4 $18 Rc8 28. g5 Rd8 29. Ke3 Nc8 30. Nd3 ({White should try} 30. h5 $18) 30... Nd6 $16 31. Ne5 Ra6 32. b3 Ra3 33. Bf1 a5 34. Bd3 a4 35. Rb2 $36 {[%mdl 2048] White is on the roll.} axb3 36. axb3 Ra6 {[#]} (36... Nb7 $14) 37. Ng4 $1 $18 Kg7 {[#]} 38. h5 $1 {[%cal Bh4h5,Bh5h6][%mdl 544]} Bd7 (38... gxh5 39. Nf6) 39. h6+ Kh8 (39... Kf8 $16 40. Rcc2 Ra1) 40. Nf6 Bc8 41. Rcc2 Bb7 (41... Ne8 $142 42. Ra2 Rxa2 43. Rxa2 Nxf6) 42. Ra2 Rb6 43. Ra7 Nc8 44. Ra1 Nd6 45. Ng4 Nc8 46. Ne5 Kg8 47. Be2 Ne7 48. Bf3 Kf8 49. Nd3 Ke8 (49... Ra6 $142) 50. Nc5 Rb8 51. Ra7 Kd8 52. Bg4 Ke8 $2 (52... Kc7 53. Rca2 Re8) 53. Be2 (53. Rf2 $142) 53... Kd8 54. Nd3 Ke8 55. Ne5 Nc8 56. Ra5 Ne7 $2 (56... Nd6 57. Ng4 Ke7) 57. Ng4 Ng8 58. Ra7 Rd8 59. Bd3 Kf8 60. Rf2 Re8 61. Ne5 Re7 62. b4 f6 63. Ng4 f5 64. Ne5 Rc7 65. exf5 exf5 66. Bc2 (66. d5 $142 {Hoping for d6.} cxd5 67. Rc2 d4+ 68. Kd2) 66... Ne7 67. Bb3 Nc8 (67... Ke8 $142 68. Rc2 Kd8) 68. Ra1 Re7 69. Rfa2 Ke8 70. Kd3 Kd8 71. Rh2 Rc7 72. Nxg6 $2 (72. Re2 $18) 72... c5 $16 73. dxc5 Rxg6 74. Kc3 (74. Rd2 $16) 74... Re7 $11 75. Rd1+ Kc7 76. Rhd2 Na7 $2 {[%mdl 8192]} (76... Ra6 $11) 77. Rd6 $18 Nc6 78. Rxg6 hxg6 79. Bg8 Re3+ 80. Rd3 Re2 81. Rh3 Ra2 82. Bxa2 {Accuracy: White = 66%, Black = 47%.} 1-0

[Event "Pan-AM College-chT 2018"]
[Site "Burlingame"]
[Date "2018.12.28"]
[Round "2"]
[White "Swiercz, Dariusz"]
[Black "Wheeler, Cameron"]
[Result "1-0"]
[WhiteElo "2649"]
[BlackElo "2420"]
[Annotator "TA"]
[PlyCount "57"]
[EventDate "2018.12.28"]
[EventType "swiss"]
[EventCountry "USA"]
[SourceTitle "playchess.com"]
[Source "ChessBase"]
[SourceQuality "1"]

{[%evp 10,57,35,0,65,44,54,63,121,126,122,129,121,117,114,113,121,108,110,129,128,114,109,102,95,81,104,84,58,99,135,40,28,44,55,28,219,220,216,224,231,221,397,318,309,308,316,320,289,292]} 1. d4 d5 2. Nf3 Nf6 3. c4 c6 4. e3 Bf5 5. Nc3 a6 6. Bd2 {LiveBook: 72 Games. D15: Slav Defence: 4 Nc3 a6 and gambit lines after 4 Nc3 dxc4} b5 (6... e6 $11) 7. c5 e6 $146 ({Predecessor:} 7... a5 8. Ne5 Nfd7 9. Nxc6 Nxc6 10. Bxb5 Ndb8 11. Qa4 Qd7 12. e4 Bxe4 13. Nxe4 dxe4 {1-0 (24) Malakhov,V (2714)-Popov,I (2613) Olginka 2011}) 8. Ne5 {White is slightly better.} Qc7 ({Black should try} 8... h5 $14) 9. g4 $16 Bg6 10. h4 Nbd7 11. Nxg6 hxg6 12. g5 Nh5 13. Qg4 e5 14. Bh3 Be7 15. O-O-O Nf8 16. Kb1 f5 17. gxf6 gxf6 18. e4 $36 {[%mdl 2048] White has strong initiative.} (18. dxe5 {seems wilder.} fxe5 19. e4 d4 20. Ne2 a5 21. Nc1) 18... dxe4 19. Qxe4 f5 {[#]} 20. Qxe5 ({Only move:} 20. Qf3 $1 $16) 20... Qxe5 $14 21. dxe5 {[%cal Bd4e5,Be5e6,Be6e7][%mdl 32] Strongly threatening Bg2.} Bxc5 22. Bg5 b4 $2 (22... Ne6 $11 {and Black stays safe.}) 23. Na4 $18 Bxf2 24. Bg2 Rc8 25. Rd6 {Black must now prevent e6.} Ng3 $2 (25... Kf7 26. Bxc6 Kg7) 26. e6 Nh7 {[#]White has a decisive advantage.} 27. Rd8+ $1 {[%mdl 512]} Rxd8 28. Bxc6+ Kf8 29. e7+ {Precision: White = 58%, Black = 52%.} 1-0

[Event "Pan-AM College-chT 2018"]
[Site "Burlingame"]
[Date "2018.12.28"]
[Round "2"]
[White "Bok, Benjamin"]
[Black "Yim, Sung Ho"]
[Result "1-0"]
[WhiteElo "2643"]
[BlackElo "2250"]
[Annotator "TA"]
[PlyCount "47"]
[EventDate "2018.12.28"]
[EventType "swiss"]
[EventCountry "USA"]
[SourceTitle "playchess.com"]
[Source "ChessBase"]
[SourceQuality "1"]

{[%evp 15,47,25,33,0,4,14,20,0,27,0,38,38,22,31,54,59,85,84,77,94,95,93,86,97,92,97,95,98,89,-578,141,133,136,0]} 1. Nf3 d5 2. g3 g6 3. Bg2 Bg7 4. d4 Nf6 5. O-O O-O 6. c4 dxc4 7. Na3 c5 8. dxc5 c3 {LiveBook: 20 Games. D77: Fianchetto Grünfeld: 6 0-0: Replies other than 6...c6} 9. Nd4 (9. Nb5 Na6 10. Nxc3 Nxc5 11. Bf4 Nfe4 12. Nxe4 Nxe4 13. Be5 Bxe5 14. Nxe5 Nd6 15. Qd4 Be6 16. Rfc1 {½-½ (48) Vachier Lagrave,M (2789)-So,W (2778) Leuven 2018}) 9... Ne4 10. Bxe4 Bxd4 $146 {The position is equal.} ({Predecessor:} 10... Qxd4 11. Qxd4 Bxd4 12. bxc3 Bxc5 13. Rd1 Nd7 14. Rb1 Nf6 15. Bf3 Be6 16. Rb5 {½-½ (31) Abegg,B-Schneider,H Switzerland 1998}) 11. bxc3 Bxc5 12. Rb1 (12. Nc4 {is more complex.} Nd7 13. Bg2 Nb6 14. Nd2 e5 15. a4) 12... Nc6 13. Rb5 Qxd1 14. Rxd1 Bd6 15. Nc4 a6 16. Rb1 Bc7 17. Nb6 $36 {[%mdl 2048] White has strong initiative.} Rb8 18. Nd7 Bxd7 ({But not} 18... Rd8 $2 19. Bxc6 Bxd7 20. Bxd7 $18) 19. Rxd7 Rfc8 20. Kg2 {[#] aiming for Bxc6.} Bd6 21. Rdxb7 Rxb7 22. Rb3 $2 {[%mdl 8192]} (22. Rxb7 $16 Nb4 23. cxb4 Rxc1 24. Bd3) 22... Rb6 $2 ({Black should play} 22... Rxb3 $19 23. axb3 {[#]} Nd4 $1 {[%mdl 512]} 24. cxd4 Rxc1) 23. Rxb6 $16 Nb4 24. Rb7 {[%mdl 32768] Accuracy: White = 56%, Black = 73%. . Loss on time!?} (24. Bb7 $16 Rxc3 25. Bd2) 1-0

[Event "Pan-AM College-chT 2018"]
[Site "Burlingame"]
[Date "2018.12.28"]
[Round "2"]
[White "Prohaszka, Peter"]
[Black "Virtanen, Teemu"]
[Result "1-0"]
[WhiteElo "2613"]
[BlackElo "2326"]
[Annotator "TA"]
[PlyCount "127"]
[EventDate "2018.12.28"]
[EventType "swiss"]
[EventCountry "USA"]
[SourceTitle "playchess.com"]
[Source "ChessBase"]
[SourceQuality "1"]

{[%evp 20,127,16,14,35,13,34,30,29,13,35,0,20,0,7,5,13,-9,6,-38,-31,-38,-30,-30,-8,-6,0,-29,-39,-25,14,15,15,15,23,23,23,16,22,0,0,0,69,62,62,10,14,0,66,62,47,38,59,49,45,33,37,-6,0,0,0,0,0,0,0,-12,0,0,0,0,0,0,118,85,81,0,0,0,0,0,0,0,95,83,143,169,239,237,234,229,222,75,83,29,27,40,35,44,70,70,74,15,18,24,30,33,145,41,58,18]} 1. d4 Nf6 2. c4 e6 3. g3 c5 4. d5 exd5 5. cxd5 d6 6. Nc3 g6 7. Bg2 Bg7 8. Nf3 O-O 9. O-O Re8 10. Re1 Nbd7 {A62: Modern Benoni: Fianchetto Variation without early ...Nbd7} (10... Ne4 11. Nxe4 Rxe4 12. Qc2 Re8 13. e4 Bg4 14. Nd2 Na6 15. a3 b5 16. Rb1 c4 17. b4 cxb3 18. Nxb3 {1-0 (41) Grischuk,A (2767)-Svidler,P (2760) Moscow 2018}) 11. Bf4 {LiveBook: 4 Games} Nh5 12. Bg5 Qc7 {The position is equal.} 13. Rc1 $146 ({Predecessor:} 13. e4 a6 14. a4 Ne5 15. h3 h6 16. Nxe5 hxg5 17. Nc4 Bd4 18. Ne2 Bh8 {½-½ (45) Dimov,D (2316)-Simeonov,L (2213) ICCF email 2010}) 13... a6 14. b4 b5 15. Qd2 Qb7 16. a3 cxb4 17. axb4 Nb6 {[%cal Bd7b6,Bb6c4,Bc4e3][%mdl 32]} 18. Qd1 Bd7 19. Nd4 h6 20. Bf4 $1 {[%cal Rf4d6]} Nxf4 21. gxf4 Nc4 22. Nc6 Qb6 23. Ne4 {[#]} Ne3 $1 {[%mdl 512]} 24. Qd3 (24. fxe3 Rxe4) 24... Nxg2 (24... Bf5 $5 {[%cal Re3g2]} 25. Bf3 (25. fxe3 Bxe4 26. Bxe4 f5 $15) (25. Qxe3 Qxe3 26. fxe3 Bxe4 $17) 25... Nc4 $15) 25. Kxg2 Bf5 26. f3 Kh8 27. e3 Rac8 28. Rc2 Qc7 29. Rec1 {aiming for Ne5.} Qd7 30. Kg3 h5 (30... g5 $11) 31. h3 $14 Qb7 32. Kf2 (32. Ra2 $14) 32... Qd7 $11 33. Kg3 (33. Rh1 $11) 33... Qb7 $14 34. Ra2 Qb6 35. Re1 Ra8 36. Ree2 Qc7 37. Rac2 Qd7 38. Nd4 Bxe4 39. fxe4 Qe7 40. Kf3 Qh4 41. Kg2 Qe7 42. Kf3 Qh4 43. Rh2 Qe1 44. Nc6 h4 {White must now prevent ...Qg3+.} 45. Rcf2 a5 (45... f5 $11 46. exf5 gxf5) 46. bxa5 $16 b4 47. Qe2 ({White should try} 47. Rhg2 $16) 47... Qg1 {[%csl Gh4][%cal Rg1g3]} 48. Rfg2 Qb1 49. Qc2 $36 {[%mdl 2048] White is pushing.} Qf1+ 50. Rf2 (50. Kg4 Rxe4 $3 {[%mdl 512]} 51. Rf2 f5+ 52. Kf3 Qg1 $19) 50... Qb5 (50... Qg1 $11 {remains equal.}) 51. Qe2 Qc5 (51... Qa4 $142) 52. Qd3 f5 (52... Rxa5 $142 53. Nxa5 Qxa5) 53. exf5 $18 gxf5 {White should prevent ...Rxe3+.} 54. Rc2 $1 {[%cal Rc2c5]} Bc3 {[#]} 55. Nxb4 $1 {[%mdl 512]} Qxb4 $16 (55... Bxb4 56. Rxc5) 56. Qxc3+ (56. Rxc3 $16 Qe4+ 57. Qxe4 {[%mdl 64] Overworked Piece} fxe4+ 58. Kg4) 56... Qxc3 $11 57. Rxc3 {Strongly threatening Ra2.} Rxa5 $18 {[%mdl 4096] Endgame KRR-KRR} 58. Rg2 Rxd5 59. Rg5 Kh7 60. Rh5+ (60. Rc7+ $16 Kh6 61. Ke2) 60... Kg6 $11 61. Rxh4 Rd1 62. Ke2 Rd5 {[#]} ({Black should play} 62... Ra1 $14) 63. Rc7 (63. Rc1 $1 $16) 63... Rd4 $1 $14 64. Rd7 {[%mdl 32768] Accuracy: White = 46%, Black = 50%. . Loss on time!?} 1-0